Languages Most Similar to Greek - Statistics

General Stats
  • This quiz has been taken 451 times
  • The average score is 5 of 10
Answer Stats
Index Language % Correct
64,4 Italian
95%
67,2 French
85%
69,7 Portuguese
73%
67,2 Romanian
70%
62,7 Latin
62%
69,0 Catalan
38%
68,1 Dutch
36%
69,7 Danish
24%
66,5 Norwegian
22%
67,1 Lithuanian
16%
No matching quizzes found
Score Distribution
Percent of People with Each Score
Percentile by Number Answered
Your Score History
You have not taken this quiz